Género, globalización y desarrollo /
En este trabajo la autora relaciona tres conceptos prioritarios en el discurso hegemónico de los organismos financieros internacionales. Se define la globalización y el desarrollo para relacionarlos con la categoría de género, la cual ha venido a construir, según la autora, nuevos paradigmas en la e...
Guardat en:
| Autor principal: | |
|---|---|
| Format: | Text |
| Matèries: | |
| Etiquetes: |
Afegir etiqueta
Sense etiquetes, Sigues el primer a etiquetar aquest registre!
|
MARC
| LEADER | 00000 a a2200000 04500 | ||
|---|---|---|---|
| 001 | 40311 | ||
| 003 | |||
| 040 | |||
| 100 | |a Girón, Alicia | ||
| 245 | |a Género, globalización y desarrollo / |c Alicia Girón | ||
| 520 | |a En este trabajo la autora relaciona tres conceptos prioritarios en el discurso hegemónico de los organismos financieros internacionales. Se define la globalización y el desarrollo para relacionarlos con la categoría de género, la cual ha venido a construir, según la autora, nuevos paradigmas en la economía y que ha incidido en su relación con la macroeconomía y las políticas públicas, análisis necesario en tanto las transformaciones económicas en muchos casos ha empeorado la situación de exclusión de las mujeres en América Latina. | ||
| 590 | |a RRA/ENERO2011 | ||
| 650 | |a 1.MUJERES | ||
| 650 | |a 2.ANALISIS DE GENERO | ||
| 650 | |a 3.GLOBALIZACION | ||
| 650 | |a 4.DESARROLLO ECONOMICO Y SOCIAL | ||
| 650 | |a 5.AMERICA LATINA | ||
| 650 | |a 6.EXCLUSION SOCIAL | ||
| 650 | |a 7.POLITICA GUBERNAMENTAL | ||
| 773 | |g páginas 77-97 | ||
| 999 | |c 35468 |d 35468 | ||
